ბათუმის შოთა რუსთაველის სახელმწიფო უნივერსიტეტის ბიბლიოთეკა

ორესტეა: (ბიბ.ჩანაწერი № 55969)

000 -ლიდერი
ფიქსირებული სიგრძის საკონტროლო ველი 00857nam a2200217Ia 4500
001 - საკონტროლო ნომერი
საკონტროლო ველი 23068
003 - საკონტროლო ნომრის იდენტიფიკატორი
საკონტროლო ველი GE_BSU
005 - ბოლო ოპერაციის თარიღი და დრო
საკონტროლო ველი 20230504122140.0
008 - ფიქსირებული სიგრძის მონაცემთა ელემენტები - ზოგადი ინფორმაცია
ფიქსირებული სიგრძის საკონტროლო ველი 181216s1974ge xx |||||||||||||| ||geo||
040 ## - კატალოგიზაციის წყარო
Transcribing agency GE_BSU
041 ## - ენის კოდი
Language code of text/sound track or separate title geo
080 ## - უნივერსალური ათობითი კლასიფიკაციის ინდექსი
Universal Decimal Classification number 821.14'01-21 ე-86
100 ## - მთავარი ჩანაწერი - პიროვნების სახელი
Personal name ესქილე
9 (RLIN) 17957
245 ## - ცნობა სათაურის შესახებ
Title ორესტეა:
Remainder of title ტრაგედია ტრილოგიად /
Statement of responsibility, etc ესქილე, თარგმნა გ. სარიშვილმა
264 ## - წარმოების, გამოცემის, დისტრიბუციის და სხვა ცნობები
გამოცემის, წარმოების, დისტრიბუციის... ადგილი თბილისი :
გამოცემის, წარმოების, დისტრიბუციის... სახელწოდება ხელოვნება,
გამოცემის, წარმოების, დისტრიბუციის... თარიღი 1974
300 ## - ფიზიკური აღწერა
Extent 215 გვ. ;
Other physical details 17 სმ.
653 ## - INDEX TERM--UNCONTROLLED
Uncontrolled term ანტიკური კულტურა
653 ## - INDEX TERM--UNCONTROLLED
Uncontrolled term ორესტეა: ტრაგედია ტრილოგიად
700 ## - ADDED ENTRY--PERSONAL NAME
Personal name სარიშვილი, გ
Relator term მთარგმნელი
9 (RLIN) 17958
942 ## - ADDED ENTRY ELEMENTS (KOHA)
Koha item type წიგნი
Source of classification or shelving scheme
ეგზემპლარები
ჩამოწერის სტატუსი დაკარგული ეგზემპლარის სტატუსი კლასიფიკაციის წყარო ან თაროზე გაწყობის სქემა დაზიანების სტატუსი არ გაიცემა მუდმივი მდებარეობა (დაცვის ადგილი) ამჟამინდელი ადგილსამყოფელი თაროზე განთავსების ადგილი შეძენის თარიღი ღირებულება, შესყიდვის ნორმალური ფასი სრული შენახვის შიფრი შტრიხკოდი ბოლო ოპერაციის თარიღი ეგზემპლარის მიმდევრობითი ნომერი (კეტერი?) ფასის ძალაში შესვლის თარიღი ეგზემპლარის სახეობა საჯარო შენიშვნა Uniform Resource Identifier
          ბათუმის შოთა რუსთაველის სახელმწიფო უნივერსიტეტის მთავარი ბიბლიოთეკა ბათუმის შოთა რუსთაველის სახელმწიფო უნივერსიტეტის მთავარი ბიბლიოთეკა წიგნსაცავი 2018-12-17 0.00 821.14'01-21 ე-86 58504 2018-12-17 58504 2018-12-17 წიგნი 0,72 თ.  
          ბათუმის შოთა რუსთაველის სახელმწიფო უნივერსიტეტის მთავარი ბიბლიოთეკა ბათუმის შოთა რუსთაველის სახელმწიფო უნივერსიტეტის მთავარი ბიბლიოთეკა წიგნსაცავი 2018-12-17 0.00 821.14'01-21 ე-86 58503 2018-12-17 58503 2018-12-17 წიგნი 0,72 თ.  
          ბათუმის შოთა რუსთაველის სახელმწიფო უნივერსიტეტის მთავარი ბიბლიოთეკა ბათუმის შოთა რუსთაველის სახელმწიფო უნივერსიტეტის მთავარი ბიბლიოთეკა წიგნსაცავი 2023-05-04 3.00 821.14'01-21 ე-86 64369 2023-05-04 64369 2023-05-04 წიგნი 3.00 ბსუ-ს საპატიო დოქტორის გურამ ლორთქიფანიძის საჩუქარი